[Event "Olympiad-42"]
[Site "Baku"]
[Date "2016.09.09"]
[Round "7.2"]
[White "Meier, Georg"]
[Black "Kovalev, Vladislav"]
[Result "1-0"]
[WhiteElo "2654"]
[BlackElo "2599"]
[Annotator "Ftacnik,L"]
[PlyCount "49"]
[EventDate "2016.09.02"]
[EventType "team-swiss"]
[EventRounds "11"]
[EventCountry "AZE"]
[SourceTitle "CBM 175"]
[Source "ChessBase"]
[SourceDate "2016.11.10"]
[SourceVersion "1"]
[SourceVersionDate "2016.11.10"]
[SourceQuality "1"]
[WhiteTeam "Germany"]
[BlackTeam "Belarus"]
[WhiteTeamCountry "GER"]
[BlackTeamCountry "BLR"]

1. Nf3 Nf6 2. g3 g6 3. Bg2 Bg7 4. O-O O-O 5. d4 c5 6. c4 cxd4 7. Nxd4 Nc6 8.
Nc3 d6 $5 {Kovalov seems to believe that the line with a pawn sacrifice offers
better chances for equality than the other famous ideas in this critical
position.} (8... Nxd4 9. Qxd4 d6 10. Qd3) (8... Ng4 9. e3) 9. Nxc6 bxc6 10.
Bxc6 Rb8 {Black will exert a lot of pressure against White's queenside, as his
opponent had to lose some time accepting the pawn sacrifice.} (10... Bh3) 11.
Bg2 Qa5 12. Qd2 {Meier seems to believe, that this clever move offers the best
chances in the fight for the advantage. It is definitely not the only idea
tried at this decisive junction.} (12. Qc2 Be6 (12... Bf5 13. e4 Be6 14. Bd2 (
14. b3 Nxe4 15. Nxe4 (15. Bxe4 Qxc3 16. Rb1 Qxc2 17. Bxc2 a5 18. Bg5 Rb7 19.
Be4 Rc7 20. Bd2 a4 21. Rfc1 axb3 22. axb3 Rb8 $11 {1/2-1/2 (49) Gagunashvili,M
(2539)-Melkumyan,H (2632) Reykjavik 2015}) 15... Bxa1 16. Bg5 Bf5 17. Bxe7 Rfe8
18. Bxd6 Rbd8 19. Rxa1 (19. b4 Qa3 20. Bc7 Rc8 21. Rxa1 Bxe4 22. Bxe4 Qxb4 23.
Rb1 Qe7 24. Bc6 Rf8 25. Ba5 Rxc6 26. Bb4 $16 {1-0 (82) Donchenko,A (2577)
-Melkumyan,H (2622) Douglas 2015}) 19... Rxd6 20. Qc3 Qxc3 21. Nxc3 Rde6 22.
Bd5 Re1+ 23. Rxe1 Rxe1+ 24. Kg2 Rc1 $11 {1/2-1/2 (47) Grachev,B (2680)
-Khalifman,A (2651) Tyumen 2012}) 14... Bxc4 15. Nd5 Qa6 16. Nc7 Qc6 17. e5
Qxc7 18. exf6 Bxf6 19. b3 Rfc8 20. bxc4 Bxa1 21. Rxa1 Qxc4 22. Qxc4 Rxc4 23.
Bf3 Rb2 $11 {1/2-1/2 (100) Melkumyan,H (2622)-Navara,D (2728) Germany 2016})
13. b3 (13. Bd2 Bxc4 14. Nd5 Qb5 15. Nxe7+ Kh8 16. Nc6 Bxe2 17. Nxb8 Bxf1 18.
Rxf1 Rxb8 19. b3 d5 20. Qc7 a6 21. Qxf7 d4 22. Rc1 $18 {1-0 (26) Stohl,I (2565)
-Enders,P (2535) Germany 1997}) 13... Bf5 14. e4 (14. Qd2) 14... Nxe4 15. Nxe4
Bxa1 16. Bd2 Qe5) (12. Qd3 Bf5 (12... Be6 13. b3 Rxb3 14. axb3 Qxa1 15. Bd2 (
15. Nb5 Qa2 16. Nd4 Bd7 17. h3 Rb8 18. Bd2 Qa6 19. b4 d5 20. Rc1 dxc4 21. Qxc4
Qd6 22. Qc7 Ne8 23. Qxd6 Nxd6 24. Rc7 $14 {1/2-1/2 (48) Novkovic,M (2410)
-Dizdar,G (2530) Austria 1999}) 15... Qa6 16. Nb5 Rc8 17. Bc3 d5 18. Ra1 dxc4
19. bxc4 Qb6 20. Bd4 Bxc4 21. Bxb6 Bxd3 22. Nxa7 Rb8 23. exd3 {1/2-1/2 (23)
Ribli,Z (2595)-Brunner,L (2460) Germany 1991}) 13. e4 Be6 14. Rb1 Nd7 15. Bd2
Ne5 16. Qc2 Nxc4 17. Be1 Rfc8 18. Nd5 Qd8 19. Bc3 Bxd5 20. exd5 Na3 21. bxa3
Rxc3 22. Qa4 Rc7 $15 {0-1 (35) Pavlov,S (2454)-Melkumyan,H (2654) Minsk 2015})
(12. Qa4 Qxa4 13. Nxa4 Ng4 (13... Bd7 14. Nc3 Ng4 15. Nd5 Bxb2 16. Rb1 Bxc1 17.
Rfxc1 Kg7 18. Bh3 h5 19. Rb3 Rxb3 20. axb3 Rb8 21. Rc3 Kf8 $11 {1/2-1/2 (34)
Aronian,L (2581)-Timofeev,A (2558) Goa 2002}) 14. Nc3 Ne5 15. c5 dxc5 16. Bg5
Rxb2 17. Bxe7 Re8 18. Nd5 Rxe2 19. Nf6+ Bxf6 20. Bxf6 Re6 $15 {1/2-1/2 (42)
Nepomniachtchi,I (2714)-Jakovenko,D (2747) Yaroslavl 2014}) (12. Nb5 Bb7 13.
Bd2 (13. Qe1 Qa6 14. e4 Bc6 15. a4 Qb7 16. Nc3 Nd7 17. Rb1 Qb3 18. Nd5 Bxd5 19.
cxd5 Nc5 20. Be3 Rfc8 21. Qa5 Qxa4 22. Qxa4 Nxa4 23. Bxa7 Rb7 24. Be3 Bxb2 $11
{1/2-1/2 (76) Baburin,A (2487)-Ragger,M (2697) Baku 2016}) 13... Qa6 14. Bxb7
Rxb7 15. Bc3 Rc8 16. b3 (16. a4 Rxc4 17. b3 Rc8 18. Rc1 Ne4 19. Bxg7 Rxc1 {
1/2-1/2 (19) Jussupow,A (2640)-Wahls,M (2540) Baden-Baden 1992}) 16... d5 17.
Bxf6 Bxf6 18. Qxd5 Bxa1 19. Rxa1 Rbb8 20. Qe5 Qa5 21. Qxe7 Re8 22. Qf6 Rxe2 23.
Nd6 (23. Nc3 Re6 24. Qd4 Qf5 25. Kg2 $14 {1/2-1/2 (67) Zhigalko,A (2585)
-Melkumyan,H (2647) Warsaw 2014}) 23... Rf8 24. b4 Qb6 25. c5 Qxb4 26. Nf5 Re1+
27. Kg2 Qe4+ 28. Kh3 Qxf5+ 29. Qxf5 Rxa1 30. Qc2 $14 {1/2-1/2 (137) Erdos,V 
(2621)-Navara,D (2718) Bol 2014}) 12... Be6 (12... Qa6 13. b3 Rxb3 14. axb3
Qxa1 15. Nb5 a6 16. Bb2 Ne4 17. Rxa1 Nxd2 18. Bxg7 Kxg7 19. Nd4 e5 20. Rd1 Nxc4
21. Nc6 Na3 22. Rxd6 Nb5 23. Rd2 $11 {1/2-1/2 (23) Horvath,C (2522)-Fier,A 
(2609) Forni di Sopra 2016}) 13. b3 Rxb3 14. axb3 Qxa1 15. Nb5 (15. Bb2 Qa5 16.
Ra1 Qb4 17. Qc2 Rb8 18. Nb5 Ng4 19. Bxg7 Kxg7 20. Nd4 Bd7 $11 {1/2-1/2 (25)
Ioseliani,N (2470)-Zueger,B (2435) Switzerland 1989}) 15... a6 (15... Qb1 16.
Bb2 Ne4 17. Bxe4 Qxe4 18. Bxg7 Kxg7 19. Qd4+ Qxd4 20. Nxd4 Rb8 21. Ra1 Rb7 22.
f3 Bd7 $11 {1-0 (50) Barlov,D (2455)-Arsovic,Z (2425) Mataruska Banja 1997})
16. Na7 $5 {[%mdl 4] Apart from the theoretical battle between two
knowledgable experts we are witnessing clever ideas in the fight for the
advantage. The knight goes to c6 in order to attack the main weakness on e7.} (
16. Bb2 Ne4 17. Rxa1 (17. Bxe4 Qxb2 18. Qxb2 Bxb2 19. Nc7 $11) 17... Nxd2 18.
Bxg7 Kxg7 (18... Nxb3 $2 19. Bxf8 Nxa1 20. Bxe7 axb5 21. cxb5 $18) 19. Nd4 Rb8
$11) 16... Qb1 (16... Bd7 17. b4 $5 (17. c5 dxc5 18. Qc2 (18. Bb2 Qa2 19. Ra1
Qxb3) 18... Ng4 19. Qxc5 Bd4 20. Qxe7 Nxf2 21. Qxd7 Nh3+ $11) 17... Qa4 18. c5
a5 19. bxa5 dxc5 20. Bb2 Ne4 21. Bxe4 Bxb2 22. Bb7 Be5 23. a6 $14) (16... Nd7
17. Nc6 Re8 18. Qb4 Qc3 19. Qxc3 Bxc3 20. Bg5 Kf8 21. Rc1 $14 {1-0 (60)
Efimenko,Z (2655)-Melkumyan,H (2640) Warsaw 2016}) 17. Qb4 (17. Nc6 Qxb3 18.
Nxe7+ Kh8 19. Qxd6 Qxc4 $11) 17... Qa2 {The first moment when Kovalev weakens
and does not use his best card. The greatest challenge to White's dreams of
some plus would be presented by the active move 17...a5!} (17... a5 $1 18. Qb7
a4 19. bxa4 Qxb7 20. Bxb7 Rb8 (20... Bxc4 $2 21. Nc6 Nd5 22. a5 $16) 21. Bf3
Rb4 22. a5 Rxc4 23. Nc6 Ne4 24. Nxe7+ Kf8 25. Nc6 d5 $11) 18. Nc6 Re8 (18...
Qxe2 19. Nxe7+ Kh8 20. Qxd6 Ne4 21. Qb4 $16) 19. e4 Nd7 (19... Ng4 20. Bg5 Bf8
21. h3 Ne5 22. Nd4 $14) 20. Bg5 Nc5 $2 {Black was always struggling between
the decision to defend passively or to strike back in active fashion in order
to balance the position in the counterplay. His brave knight move will be
questioned with a surprising response. Somewhat illogically the best idea was
to sit tight with 20...Bf8! supporting both the e7- and d6-pawns.} (20... Bf6
$2 21. Bxf6 Nxf6 22. Qc3 $1 Qa3 23. Ra1 Qc5 24. Rxa6 Ng4 25. Qd4 $16) (20...
Kf8 $2 21. Bxe7+ $1 Rxe7 22. Qxd6 Bf6 23. e5 $18) (20... Bf8 $1 21. Be3 Bg7 $11
) 21. e5 $1 (21. Bxe7 Nxb3 (21... Qxb3 22. Bxd6 Qxb4 23. Nxb4 Nb7 24. e5 $1
Nxd6 25. exd6 a5 26. Nd5 $16) 22. Bxd6 Nd2 23. Rc1 Nxc4 $11) (21. Nxe7+ Kh8 22.
Be3 (22. Qb6 Qxb3 23. Qxd6 Qxc4) 22... Nxb3 23. Nd5 a5 24. Qxd6 Nd2 $11) 21...
Nd3 {Black reacts to the surprise with a panicky move, that does not solve the
main problem. It has to be admitted, that a good solution was already out of
reach.} (21... f6 22. Nxe7+ Rxe7 23. exf6 $16) (21... Bf8 22. Nxe7+ $1 Bxe7 23.
Bxe7 a5 24. Qb6 Qxb3 25. Qxa5 Qxc4 26. exd6 $16) (21... Qxb3 22. Qxb3 Nxb3 23.
Nxe7+ Kf8 24. exd6 Bxc4 (24... f6 25. Be3 Bxc4 26. Rd1 Be2 27. Re1 Bg4 28. Bd5
$18) 25. Rd1 $1 (25. d7 Bxf1 (25... Rb8 26. Nc8) (25... Rd8 26. Nxg6+ hxg6 27.
Bxd8 Bxf1 28. Bg5 $18) 26. Bxf1 (26. dxe8=Q+ Kxe8 27. Bxf1 Nd4 $1 (27... f6 28.
Nf5 $1 gxf5 29. Be3 $16) 28. Kg2 h6 $11) 26... h6 (26... f6 27. Nxg6+ hxg6 28.
dxe8=Q+ Kxe8 29. Be3 $16) (26... Nd4 27. Kg2 h6 28. Nxg6+ fxg6 29. dxe8=Q+ Kxe8
30. Bd2 $16) 27. Nxg6+ fxg6 28. dxe8=Q+ Kxe8 29. Be3 a5 $14) 25... Be2 (25...
Bb5 26. d7 Rd8 (26... Bxd7 27. Rxd7 f6 28. Bf4 Rxe7 29. Rd8+ Re8 30. Bd6+)) (
25... f6 26. d7 Rd8 27. Nc6 Rxd7 28. Rxd7 fxg5) 26. Rd5 Bc4 (26... f6 27. d7
fxg5 28. dxe8=Q+ Kxe8 29. Nc6 $16) 27. d7 Rd8 (27... Bxd5 28. dxe8=Q+ Kxe8 29.
Nxd5) 28. Nxg6+ hxg6 29. Bxd8 Bxd5 30. Bg5 $18) (21... Nxb3 22. Nxe7+ Kh8 (
22... Kf8 23. Qxd6 $18) 23. exd6 $16) 22. Nxe7+ Kh8 (22... Rxe7 $4 23. Qb8+ $18
) (22... Kf8 23. Qxd6 Qxb3 24. Bc6 Rb8 25. Nc8+ Kg8 26. Qd8+ Bf8 27. Ne7+ Kg7
28. Bf6+ Kh6 29. Qd4 Qxc4 30. Ng8+ Kh5 31. Bf3+ $18) 23. Qxd6 Qxb3 24. Bf6 {
Only the computer has the confidence to start the attack with the cool move 24.
Bc6 proving once again that the defender is suffering from poor coordination.}
(24. Bc6 Rb8 25. Be4 Nxe5 26. Rb1 Nf3+ 27. Kg2 Bh3+ 28. Kxh3 Nxg5+ 29. Kg2 Bb2
30. Bd5 $18) 24... Nb2 {Kovalev was afraid of the idea Bc6 with the helpless
rook on the 8th rank without any suitable retreats. His unfortunate knight
move enables the transfer of the white queen to h6 with an immediate decision.}
(24... Qxc4 25. Bc6 $1 $18) (24... Bxc4 25. Be4 $1 (25. Bxg7+ Kxg7 26. Qf6+ Kf8
27. Bc6 Rb8 28. Qd6 $18) 25... Nb2 (25... a5 26. Bxg7+ Kxg7 27. Qf6+ Kf8 28.
Bxg6) 26. Bxg7+ Kxg7 27. Qf6+ Kf8 28. Bxg6 $1 $18) 25. Qd2 $1 (25. Qd2 Nxc4 26.
Qh6 $18) 1-0

[Event "Biel GM 51st"]
[Site "Biel"]
[Date "2018.07.31"]
[Round "9"]
[White "Mamedyarov, Shakhriyar"]
[Black "Carlsen, Magnus"]
[Result "1-0"]
[WhiteElo "2801"]
[BlackElo "2842"]
[Annotator "Mamedyarov,S"]
[PlyCount "109"]
[EventDate "2018.07.22"]
[EventType "tourn"]
[EventRounds "10"]
[EventCountry "SUI"]
[EventCategory "20"]
[SourceTitle "CBM 186"]
[Source "ChessBase"]
[SourceDate "2018.09.14"]
[SourceVersion "1"]
[SourceVersionDate "2018.09.14"]
[SourceQuality "1"]

{The tournament situation obliged Carlsen to play for the full point. As fror
me conversely, I was hoping that this situation would give me additional
prospects and thus early on the hope of winning the tournament and I waited
for my chance...   Die Turniersituation verpflichtete Carlsen, auf den vollen
Punkt zu spielen. Ich meinerseits hoffte im Umkehrschluss darauf, dass diese
Lage mir zusätzliche Aussichten geben wird, diese Partie und somit vorzeitig
auch das Turnier zu gewinnen, und wartete auf meine Chance...} 1. d4 Nf6 2. c4
g6 3. g3 Bg7 4. Bg2 O-O 5. Nc3 d6 6. Nf3 c5 7. O-O Nc6 8. e3 d5 9. cxd5 Nxd5
10. Nxd5 Qxd5 11. Ne5 Qd6 12. Nc4 $1 {With this move White maintains the
tension (both on the board and also psychologically) .  Mit diesem Zug hält
Weiß die Spannung (sowohl auf dem Brett, als auch die psychologische)
aufrecht.} Qc7 13. d5 Rd8 ({The move Der Zug} 13... Ne5 {is quieter and safer 
(after the game Carlsen expressed the same opinion), but Black had to take
something of a risk. ist ruhiger und sicherer (nach der Partie äußerte
Carlsen die gleiche Meinung), aber Schwarz musste etwas riskieren.} 14. Qc2 Bd7
15. Nxe5 Bxe5 16. Bd2) 14. Bd2 $1 Nb4 $6 ({The correct move is Richtig ist} 
14... Ne5 {and after und nach} 15. Nxe5 Bxe5 16. Bc3 {the position is more or
less level. ist die Stellung etwa ausgeglichen.}) 15. Bxb4 ({During the game I
invested a lot of time in In der Partie investierte ich sehr viel Zeit in} 15.
e4 $1 {I felt that it should lead to an advantage for White, but in the long
run I did not manage to evaluate the position which arose after it - Ich
fühlte, dass es zum weißen Vorteil führen soll, aber letztendlich ist es
mir nicht gelungen, die daraus resultierende Stellung einzuschätzen -} b5 16.
Bf4 $1 e5 (16... Qb7 17. Ne5 g5 (17... f6 18. Nd3 $16) (17... c4 18. a3 Bxe5
19. Bxe5 Nd3 20. Bc3 $16) 18. Nxf7 $1 Kxf7 19. Bxg5 Qb6 (19... c4 20. e5 Bf5
21. Qf3 $1 Kg6 22. g4 Bd3 23. e6 Rf8 24. Qh3 h6 25. Rad1 $1 Kxg5 26. Qh5+ Kf4
27. Rde1 Nc2 28. g5 Nxe1 29. Rxe1 Qb6 30. Qh4+ Kf5 31. Qh5 Kf4 32. Bf3 $1 (32.
h3 Qxf2+ 33. Kxf2 Bd4+ 34. Re3 Bxe3+ 35. Ke1 Ke5)) 20. a3 Na6 21. e5) 17. d6
$16 {- this is precisely the move I missed when calculating. Pity! - gerade
dieser Zug ist mir bei dem Berechnen entgangen. Schade!}) 15... cxb4 16. Rc1 a5
(16... Bd7 17. Qd2 a5 18. e4 {and White had no problems. und Weiß hat keine
Probleme.}) 17. a3 bxa3 18. bxa3 a4 $1 {A very strong reply! Black prevents
a3-a4. Sehr starke Erwiderung! Schwarz unterbindet a3-a4.} 19. Qd3 ({Playing
Zu Spielvereinfachung und Ausgleich hätte} 19. Qd2 $1 Qc5 20. Qa2 Bd7 21. Ne5
Qd6 22. Nxd7 Qxd7 23. Rfd1 {would have sufficed to simplify the game and
equalise. But I found a more interesting idea which also better suited my
style. gereicht. Aber ich fand eine interessantere Idee, die auch meinem Stil
besser entspricht.}) 19... Bf5 {After this move White gets more active play.
After the game Carlsen explained that he had overlooked 21.Qe3. Nach diesem
Zug bekommt Weiß aktiveres Spiel. Nach der Partie erklärte Carlsen, dass er
21.Qe3 übersah.} ({There was the very strong Sehr stark war} 19... Rb8 $1 {
and after und nach} 20. f4 Bd7 21. Ne5 Qd6 22. Nxd7 Qxd7 23. e4 {the position
is close to equality. ist die Stellung dem Ausgleich nahe.}) 20. e4 Bd7 21. Qe3
Ra6 22. e5 $1 {Now Black has to be very prcise so as not to fall into a bad
position. Jetzt muss Schwarz sehr genau agieren, um nicht in eine schlechte
Lage zu geraten.} b5 $1 23. d6 Qb8 $1 (23... exd6 24. Nxd6 Qa7 25. Qg5 Rf8 26.
Bd5 {with a powerful attack. mit gewaltigem Angriff.}) 24. dxe7 Re8 25. Rfd1 $1
Rxe7 26. Qc5 $1 {Magnus obviously missed this move. At this moment he began to
feel ill at ease, because his position appeared unpleasant to him.  What do
you think: which reply would now allow Black to hold his position? Dieser Zug
ist Magnus offensichtlich entgangen. In diesem Moment fing er an, sich unwohl
zu fühlen, weil ihm seine Stellung unangenehm schien.  Was meinen Sie: welche
Antwort würde dem Schwarzen jetzt erlauben, seine Stellung zu halten?} Qf8 (
26... Qd8 $2 27. Qxb5 $1) (26... Qe8 27. Nd6) (26... Bf8 $1 {The only move
which preserves Black from a bad position. Der einzige Zug, der den
Nachziehenden vor einer schlechten Position bewahrt.} 27. Nd6 Re8 $1 28. Bd5
Bxd6 29. exd6 Rc8 (29... Rxd6 $4 30. Bxf7+ $18 (30. Qxd6 $2 Re1+ $1) 30... Kxf7
31. Rxd6 $18) 30. Bxf7+ (30. Qc7 Rxc7 31. dxc7 Qf8 $1 (31... Qc8 32. Bb7) 32.
Bxf7+ Qxf7 33. Rxd7 Qxd7 34. c8=Q+ Qxc8 35. Rxc8+ Kg7 36. Rb8 Rd6 37. Rxb5 Rd3)
30... Kxf7 31. Qd5+ Kf8 32. Qe5 Rxc1 (32... Kg8 33. Rc7) 33. Qh8+ Kf7 34. Qxh7+
Kf8 35. Qh8+ $11 {Of course it is anything but simple to find all this over
the board. Selbstverständlich ist es alles andere als leicht, das alles am
Brett zu finden.}) 27. Ne3 $1 {Magnus had also overlooked this continuation.
Auch diese Fortsetzung hat Magnus übersehen.} (27. Nb6 Bg4 28. Re1 Rea7) 27...
Be6 (27... Bxe5 $2 28. Rxd7) 28. Qxb5 Raa7 29. Nd5 Bxd5 30. Rxd5 Reb7 31. Qd3
Rb8 32. h4 Qe8 33. Qd4 (33. Bh3 $1 {This option, which I did not notice during
the game, gives White a clear advantage. Diese Option, die ich während der
Partie nicht bemerkte, gibt dem Weißen klaren Vorteil.} Bxe5 (33... Qe7 34. h5
$16) 34. Re1 Re7 (34... f6 35. f4 Bd4+ 36. Kf1) 35. Bd7 Bb2 36. Bxe8 Rxe1+ 37.
Kg2 Rexe8 38. h5 $16) 33... Qe7 34. f4 $6 {I felt a strong desire to win this
game and decided to play sharply, but by doing so reduced White's advantage.
Ich verspürte den starken Wunsch, diese Partie zu gewinnen, und habe mich
entschlossen, scharf zu spielen, aber dabei reduziert sich der weiße Vorteil.}
({The correct way was the simple continuation Richtig war die einfache
Fortsetzung} 34. Rc4 Bf8 35. Kh2 {and White is clearly superior. und der
Anziehende steht klar überlegen.}) 34... Bf8 35. Kh2 Rab7 ({The best defence
consisted of Die beste Verteidung bestand in} 35... Rc7 $1 {but it was not so
easy to find in time trouble: , die aber in Zeitnot nicht so leicht zu finden
war:} 36. Rxc7 Qxc7 37. Rd7 Qc2 38. Qd5 Qf5 $1 {(the point behind Black's idea
- the rook is brought to the second rank) (die Pointe der schwarzen Idee - der
Turm wird auf die zweite Reihe gebracht)} 39. Rc7 Rb2 40. Qc4 Bxa3 41. Qxa4 Bb4
{with good drawing chances, e.g. mit guten Remisaussichten, z. B.} 42. Qa8+ Kg7
43. Qa1 Rd2 44. e6+ Kh6 45. exf7 (45. Rxf7 Rxg2+ $1 46. Kxg2 Qe4+ $11) 45...
Qd5 46. Qf1 Bf8 47. Kh1 Qd6 48. Rc6 Rd1 49. Rxd6 Rxf1+ 50. Bxf1 Bxd6 $11 {
- to calculate all this to the end you need to have a brain like a computer :)
- um das alles bis zum Ende auszurechnen, muss man funktionieren wie ein
Computer :)}) 36. Qxa4 {I was already short of time here and did not want to
take any risks, so I simply cashed in on the a4-pawn - it is not easy for
Black to hold this position. But objectively speaking my decision was wrong.
Hier hatte ich bereits wenig Zeit und wollte kein Risiko eingehen, somit
kassierte ich einfach den Bauern a4 - es ist für Schwarz nicht einfach, diese
Position zu halten. Aber objektiv gesehen war meine Entscheidung falsch.} ({
But there was the very strong Sehr stark war aber} 36. Rd6 $1 Rb2 (36... Rc7
37. Rxc7 Qxc7 38. Rc6 $1 Qd8 39. Bd5 Bxa3 40. e6 $18) 37. Kh3 $1 $18 {
(unfortunately I did not discover this move when calcualting the variations) 
(diesen Zug habe ich bei dem Variantenberechnen leider nicht entdeckt)} R8b3
38. Rc8 Re2 39. Rxf8+ $1 Kxf8 40. e6 f6 41. Rd8+ Kg7 42. Rd7 $18) 36... Qxa3
37. Qxa3 Bxa3 38. Rcd1 Be7 39. Kh3 (39. h5 gxh5) 39... Rc7 40. h5 $1 {The
strongest continuation which gives my opponent the maximum of defensive
difficulties to overcome. Die stärkste Fortsetzung, die dem Gegner maximale
Verteidigungsschwierigkeiten bereitet.} gxh5 $1 41. f5 f6 42. e6 $1 (42. Rd7
Rxd7 43. Rxd7 Kf8 44. e6 {- here Black hangs on easily. - hier behauptet sich
Schwarz leicht.}) 42... Rb3 $1 {Carlsen chooses the best defence. Carlsen
verteidigt sich optimal.} 43. Rd7 Rbc3 44. Ra1 Kg7 45. Ra8 Kh6 {Black can hold
by playing only moves. In my calculations I thought that this position is won
for White, but in reality that does not seem to be the case.  Schwarz hält
sich mit einzigen Zügen. Bei meiner Vorausberechnung dachte ich, dass diese
Stellung für Weiß gewonnen ist, aber in Wirklichkeit scheint es nicht der
Fall zu sein.} 46. Re8 (46. Be4 Re3 47. Rxc7 Bd6 48. Rd7) 46... Bb4 47. Rb8 Be7
48. Be4 {By this point I had already understood that the position, objectively
speaking, is drawn; nevertheless I kept on looking for chances to win the game.
Zu diesem Zeitpunkt hatte ich bereits verstanden, dass die Position objektiv
gesehen Remis ist, nichtsdestotrotz suchte ich weiterhin nach Chancen, die
Partie zu gewinnen.} R3c4 {This does not yet throw away the draw. Das wirft
das Unentschieden noch nicht weg.} (48... Re3 $3 49. Rxc7 Bd6 50. e7 Rxg3+ $11
51. Kh4 Rg4+ 52. Kh3 Rg3+ $11) 49. Bd5 R4c5 50. Rb7 Rxd7 51. Rxd7 Ra5 (51...
Bf8 $1 52. Kg2 (52. Rf7 Bd6 53. Ba8 Re5) 52... Rb5 $1 (52... Ra5 53. Be4 Ba3
54. Rf7 $16) 53. Kf3 (53. Be4 Ba3) 53... Ba3 $1 54. Ke4 Rb4+ 55. Kd3 Rg4 $11
56. e7 Rxg3+ 57. Kc2 Bxe7 58. Rxe7 h4 $11) 52. Bc6 $2 (52. Bc4 $1 $18 Rc5 53.
Bd3 Rc3 54. Rxe7 $3 Rxd3 55. Re8 {- it is hard to believe but this position is
a win - - kaum zu glauben, aber diese Position ist gewonnen -} Re3 (55... Kg7
56. Rc8 Re3 57. Kh4 Re5 58. Ra8 Re1 59. Kxh5) 56. Rg8 Re2 57. g4 hxg4+ 58. Kg3
Kh5 59. Rxg4 Re1 60. Kf3 Rb1 61. Rg7) 52... Ba3 53. Rf7 Re5 (53... Rxf5 $1 {
Magnus suggested this reply after the game. He was probably correct - the
position which arises in this case appears rather to be drawn. Diese Antwort
schlug Magnus nach der Partie vor. Wahrscheinlich hatte er recht - die in
diesem Fall entstehende Position scheint eher Remis zu sein.} 54. e7 Bxe7 55.
Rxe7 Rc5 56. Be4 f5 57. Bd3 Rd5 58. Re3 Kg6 59. Rf3 Kg5 60. Bc2 Ra5 61. Rf1 Rd5
) 54. Kh4 $1 {Carlsen did not consider this possibility. Diese Möglichkeit
hat Carlsen nicht in Betracht gezogen.} Bc1 $4 (54... Bb4 $1 55. Rxf6+ Kg7 56.
Rf7+ Kh6 $1 {- it is hard to believe but this position is probably a draw -  -
schwer zu glauben, aber diese Stellung ist wahrscheinlich Remis -} 57. Bd7 Re3
58. f6 Kg6 {and White can make no further progress. und Weiß kommt nicht
weiter.}) 55. e7 {1-0 (55) Mamedyarov,S (2801)-Carlsen,M (2802) Biel 2018 EXT
2019 [Mamedyarov,S]} 1-0